Città più visitate d'Italia - Statistics

Statistiche generali
  • Questo quiz è stato fatto 732 volte
  • Il punteggio medio è 6 su 12
Statistiche sulle risposte
Presenze Località % Corretto
10.976 Milano
99%
25.192 Roma
99%
9.334 Firenze
97%
10.512 Venezia
95%
3.662 Torino
92%
7.093 Rimini
60%
3.539 Riccione
42%
5.347 Jesolo
19%
3.498 Lignano Sabbiadoro
13%
5.317 Bibione
8%
4.284 Caorle
8%
6.016 Cavallino-Treporti
5%
Nessun quiz corrispondente trovato
Distribuzione punteggi
Percentuale di utenti per punteggio
Percentile per numero di risposta
I tuoi punteggi nel tempo
Non hai fatto questo quiz